Experiencing the Spirit / (Record no. 10210)
[ view plain ]
| 000 -LEADER | |
|---|---|
| fixed length control field | 01579cam a22004215a 4500 |
| 001 - CONTROL NUMBER | |
| control field | 18682760 |
| 003 - CONTROL NUMBER IDENTIFIER | |
| control field | OSt |
| 005 - DATE AND TIME OF LATEST TRANSACTION | |
| control field | 20210217160150.0 |
| 008 - FIXED-LENGTH DATA ELEMENTS--GENERAL INFORMATION | |
| fixed length control field | 150701s1998 caua b 000 0 eng |
| 010 ## - LIBRARY OF CONGRESS CONTROL NUMBER | |
| LC control number | 98044571 |
| 020 ## - INTERNATIONAL STANDARD BOOK NUMBER | |
| International Standard Book Number | 0830723617 |
| Qualifying information | (trade) |
| 020 ## - INTERNATIONAL STANDARD BOOK NUMBER | |
| International Standard Book Number | 9780830723614 |
| Qualifying information | (trade) |
| 035 ## - SYSTEM CONTROL NUMBER | |
| System control number | (OCoLC)ocm39923370 |
| 040 ## - CATALOGING SOURCE | |
| Original cataloging agency | DLC |
| Language of cataloging | eng |
| Transcribing agency | DLC |
| Modifying agency | BAKER |
| -- | BTCTA |
| -- | OCLCG |
| -- | OCLCF |
| -- | OCLCO |
| -- | OCLCQ |
| -- | DLC |
| 042 ## - AUTHENTICATION CODE | |
| Authentication code | lccopycat |
| 050 ## - LIBRARY OF CONGRESS CALL NUMBER | |
| Item number | H465E |
| 082 04 - DEWEY DECIMAL CLASSIFICATION NUMBER | |
| Classification number | 231/.3 |
| Edition number | 21 |
| Item number | H465E |
| 100 1# - MAIN ENTRY--PERSONAL NAME | |
| Personal name | Heidler, Robert D., |
| Dates associated with a name | 1948- |
| 245 10 - TITLE STATEMENT | |
| Title | Experiencing the Spirit / |
| Statement of responsibility, etc. | Robert D. Heidler. |
| 246 1# - VARYING FORM OF TITLE | |
| Display text | At head of title: |
| Title proper/short title | Developing a living relationship with the Holy Spirit |
| 260 ## - PUBLICATION, DISTRIBUTION, ETC. | |
| Place of publication, distribution, etc. | Ventura, CA : |
| Name of publisher, distributor, etc. | Renew Books, |
| Date of publication, distribution, etc. | ©1998. |
| 300 ## - PHYSICAL DESCRIPTION | |
| Extent | 259 pages : |
| Other physical details | illustrations ; |
| Dimensions | 22 cm |
| 336 ## - CONTENT TYPE | |
| Content type term | text |
| Content type code | txt |
| Source | rdacontent |
| 337 ## - MEDIA TYPE | |
| Media type term | unmediated |
| Media type code | n |
| Source | rdamedia |
| 338 ## - CARRIER TYPE | |
| Carrier type term | volume |
| Carrier type code | nc |
| Source | rdacarrier |
| 504 ## - BIBLIOGRAPHY, ETC. NOTE | |
| Bibliography, etc. note | Includes bibliographical references (pages 237-259). |
| 650 #0 - SUBJECT ADDED ENTRY--TOPICAL TERM | |
| Topical term or geographic name entry element | Holy Spirit. |
| 650 #0 - SUBJECT ADDED ENTRY--TOPICAL TERM | |
| Topical term or geographic name entry element | Gifts, Spiritual. |
| 650 #0 - SUBJECT ADDED ENTRY--TOPICAL TERM | |
| Topical term or geographic name entry element | Experience (Religion) |
| 650 #7 - SUBJECT ADDED ENTRY--TOPICAL TERM | |
| Topical term or geographic name entry element | Experience (Religion) |
| Source of heading or term | fast |
| Authority record control number or standard number | (OCoLC)fst00918383 |
| 650 #7 - SUBJECT ADDED ENTRY--TOPICAL TERM | |
| Topical term or geographic name entry element | Gifts, Spiritual. |
| Source of heading or term | fast |
| Authority record control number or standard number | (OCoLC)fst00942667 |
| 650 #7 - SUBJECT ADDED ENTRY--TOPICAL TERM | |
| Topical term or geographic name entry element | Holy Spirit. |
| Source of heading or term | fast |
| Authority record control number or standard number | (OCoLC)fst00959009 |
| 856 42 - ELECTRONIC LOCATION AND ACCESS | |
| Materials specified | Contributor biographical information |
| Uniform Resource Identifier | <a href="http://www.loc.gov/catdir/enhancements/fy1511/98044571-b.html">http://www.loc.gov/catdir/enhancements/fy1511/98044571-b.html</a> |
| 856 42 - ELECTRONIC LOCATION AND ACCESS | |
| Materials specified | Publisher description |
| Uniform Resource Identifier | <a href="http://www.loc.gov/catdir/enhancements/fy1511/98044571-d.html">http://www.loc.gov/catdir/enhancements/fy1511/98044571-d.html</a> |
| 906 ## - LOCAL DATA ELEMENT F, LDF (RLIN) | |
| a | 0 |
| b | ibc |
| c | copycat |
| d | 2 |
| e | epcn |
| f | 20 |
| g | y-gencatlg |
| 942 ## - ADDED ENTRY ELEMENTS (KOHA) | |
| Source of classification or shelving scheme | Dewey Decimal Classification |
| Koha item type | Books |
| Withdrawn status | Lost status | Source of classification or shelving scheme | Damaged status | Not for loan | Collection code | Home library | Current library | Shelving location | Date acquired | Total Checkouts | Full call number | Barcode | Date last seen | Price effective from | Koha item type |
|---|---|---|---|---|---|---|---|---|---|---|---|---|---|---|---|
| Dewey Decimal Classification | Non-fiction | Harvest Mission College | Harvest Mission College | General Stacks | 19.02.2021 | 231.3 H465E | 011774 | 19.02.2021 | 19.02.2021 | Books |
